Новый метод оценки радиоактивного состояния природной среды; Известия Томского политехнического университета [Известия ТПУ]; Т. 305, вып. 6 : Геология, поиски и разведка полезных ископаемых Сибири

Bibliographic Details
Parent link:Известия Томского политехнического университета [Известия ТПУ]/ Томский политехнический университет (ТПУ).— , 2000-
Т. 305, вып. 6 : Геология, поиски и разведка полезных ископаемых Сибири.— 2002.— [С. 402-405]
Main Author: Протасевич Е. Т. Евгений Трофимович
Summary:Заглавие с титульного листа
Электронная версия печатной публикации
Предложен метод мониторинга радиоактивного состояния природной среды путём реги­страции излучений атомарного водорода или гидроксила в местах нахождения залежей урана и других радиоактивных минералов.
Language:Russian
Published: 2002
Series:Вопросы геоэкологии
Subjects:
Online Access:http://www.lib.tpu.ru/fulltext/v/Bulletin_TPU/2002/v305/i6/34.pdf
Format: Electronic Book Chapter
KOHA link:https://koha.lib.tpu.ru/cgi-bin/koha/opac-detail.pl?biblionumber=166091

MARC

LEADER 00000nla2a2200000 4500
001 166091
005 20231031162125.0
035 |a (RuTPU)RU\TPU\book\180167 
035 |a RU\TPU\book\180164 
090 |a 166091 
100 |a 20090924d2002 k y0rusy50 ca 
101 0 |a rus 
102 |a RU 
135 |a drnn ---uucaa 
200 1 |a Новый метод оценки радиоактивного состояния природной среды  |f Е. Т. Протасевич 
215 |a 1 файл (2.6 Мб) 
225 1 |a Вопросы геоэкологии 
230 |a Электронные текстовые данные (1 файл : 2.6 Мб) 
300 |a Заглавие с титульного листа 
300 |a Электронная версия печатной публикации 
320 |a [Библиогр.: c. 405 (5 назв.)] 
330 |a Предложен метод мониторинга радиоактивного состояния природной среды путём реги­страции излучений атомарного водорода или гидроксила в местах нахождения залежей урана и других радиоактивных минералов. 
337 |a Adobe Reader 
461 1 |0 (RuTPU)RU\TPU\book\176237  |t Известия Томского политехнического университета [Известия ТПУ]  |f Томский политехнический университет (ТПУ)  |d 2000- 
463 1 |0 (RuTPU)RU\TPU\book\180006  |t Т. 305, вып. 6 : Геология, поиски и разведка полезных ископаемых Сибири  |o тематический выпуск  |v [С. 402-405]  |d 2002  |p 446 с. 
610 1 |a труды учёных ТПУ 
610 1 |a электронный ресурс 
610 1 |a природная среда 
610 1 |a методы оценки 
610 1 |a радиоактивное состояние 
610 1 |a мониторинг 
610 1 |a атомарный водород 
610 1 |a регистрация излучений 
610 1 |a гидроксил 
610 1 |a урановые месторождения 
610 1 |a радиоактивные минералы 
700 1 |a Протасевич  |b Е. Т.  |c российский физик, эколог  |c профессор Томского политехнического университета  |f 1943-2004  |g Евгений Трофимович  |2 stltpush  |3 (RuTPU)RU\TPU\pers\11954 
801 1 |a RU  |b 63413507  |c 20090623  |g PSBO 
801 2 |a RU  |b 63413507  |c 20210420  |g PSBO 
856 4 |u http://www.lib.tpu.ru/fulltext/v/Bulletin_TPU/2002/v305/i6/34.pdf 
942 |c CF